| 000 | 01445cam a22003977a 4500 | ||
|---|---|---|---|
| 003 | CHAP | ||
| 005 | 20220329142829.0 | ||
| 008 | 040602s2003 mx a r 00010 spa d | ||
| 010 | _a88403 | ||
| 011 | _a89375 | ||
| 035 | _a99926 | ||
| 040 | _cCHAP | ||
| 090 | _aTesis | ||
| 100 | 0 | 0 |
_aEstrada Ponce, Edith. _938427 |
| 245 | 1 | 0 |
_aEfecto de la temperatura del agua en postcosecha de tulipan (Tulipa sp.) _c/por Edith Estrada Ponce |
| 260 |
_aChapingo, Méx. : _bEl autor, _c2003. |
||
| 300 |
_a61 h. ; _bgráfs. |
||
| 502 | _aTesis (Ing. Agr. Esp. en Fitotecnia) -- UACH. Departamento de Fitotecnia | ||
| 530 | _aTambién disponible en línea | ||
| 590 |
_aALEPH _b10 _c20130110 _lUCH01 _h1458 |
||
| 590 |
_aBATCH-UPD _b10 _c20130110 _lUCH01 _h0559 |
||
| 590 |
_aBATCH-UPD _b10 _c20130410 _lUCH01 _h0240 |
||
| 590 |
_aBATCH-UPD _b10 _c20130914 _lUCH01 _h1327 |
||
| 590 |
_aBATCH-UPD _b10 _c20140324 _lUCH01 _h1445 |
||
| 590 |
_aBATCH-UPD _b10 _c20141002 _lUCH01 _h0822 |
||
| 590 |
_aCONVERSION _b10 _c20130109 _lUCH01 _h1349 |
||
| 650 | 1 | 4 |
_aFlores _xTecnología postcosecha. _941409 |
| 650 | 1 | 4 |
_aTemperatura _xEfecto en flores. _9112191 |
| 650 | 1 | 4 |
_aTulipanes. _9115522 |
| 856 |
_3Finding aid _uhttp://10.13.5.2/tesis/99926.pdf _zTeclea aqui |
||
| 901 | _aBK | ||
| 905 | _aAlejandra Carrasco M. | ||
| 942 | _cFOLL | ||
| 949 |
_aTesis _bBC _cTES _d33724000795126 _eTS2 _fc.2 _h41960 _i99926 _si |
||
| 949 |
_aTesis _bBC _cTES _d999261 _eTS1 _h41959 _i99926 _sb |
||
| 999 |
_c88403 _d88403 |
||